00686nam a2200205Ia 4500003000400000008004100004020002300045040000800068100002500076245008100101260004000182300001500222365001100237901002100248902003400269903005800303942001200361952009000373999001700463LDD181029s9999 xx 000 0 und d a8185589437c595.00 cLDD aTalapatra, Ashoke K. 0aModelling & Geochemical Exploration of Mineral DepositscAshoke K. Talapatra aNew DelhibCapital Publishingc2006 axiv, 170p. b595.00 a3733b25-01-2007 a11530b09-02-2007cFdGBHe58 aDiscount-10bReqst by : Jaswant Kokhi  2ddccBK 00102ddc4070977784aLDDbLDDl0o622.13 T142Mp061115r2018-11-01w2018-11-01yBK c77785d77785